<?xml version="1.0" encoding="UTF-8"?>
<record
    xmlns:xsi="http://www.w3.org/2001/XMLSchema-instance"
    xsi:schemaLocation="http://www.loc.gov/MARC21/slim http://www.loc.gov/standards/marcxml/schema/MARC21slim.xsd"
    xmlns="http://www.loc.gov/MARC21/slim">

  <leader>00973nam a2200217 i 4500</leader>
  <controlfield tag="001">143032</controlfield>
  <controlfield tag="003">ES-MaACL</controlfield>
  <controlfield tag="005">20250830063715.0</controlfield>
  <controlfield tag="007">t|</controlfield>
  <controlfield tag="008">070214s1978    sp      r    ||||1| spa d</controlfield>
  <datafield tag="110" ind1="2" ind2=" ">
    <subfield code="a">Conferencia Episcopal Espa&#xF1;ola. </subfield>
    <subfield code="b">Asamblea Plenaria</subfield>
    <subfield code="n">(29&#xAA;.</subfield>
    <subfield code="d">1978. </subfield>
    <subfield code="c">Madrid)</subfield>
    <subfield code="9">3173</subfield>
  </datafield>
  <datafield tag="245" ind1="1" ind2="3">
    <subfield code="a">La Iglesia ante los medios de comunicaci&#xF3;n social </subfield>
    <subfield code="b">: ponencias de la XXIX Asamblea Episcopal Espa&#xF1;ola / </subfield>
    <subfield code="c">[Edici&#xF3;n a cargo del] Secretariado Nacional de la Comisi&#xF3;n Episcopal de Medios de Comunicaci&#xF3;n Social.</subfield>
  </datafield>
  <datafield tag="260" ind1=" " ind2=" ">
    <subfield code="a">Madrid : </subfield>
    <subfield code="b">Ed. Paulinas, </subfield>
    <subfield code="c">1978.</subfield>
  </datafield>
  <datafield tag="300" ind1=" " ind2=" ">
    <subfield code="a">287 p. ; </subfield>
    <subfield code="c">21 cm.</subfield>
  </datafield>
  <datafield tag="490" ind1="1" ind2=" ">
    <subfield code="a">Colecci&#xF3;n Teolog&#xED;a y pastoral</subfield>
  </datafield>
  <datafield tag="650" ind1="0" ind2="7">
    <subfield code="a">Medios de comunicaci&#xF3;n social</subfield>
    <subfield code="2">embne</subfield>
    <subfield code="9">14961</subfield>
  </datafield>
  <datafield tag="710" ind1="2" ind2=" ">
    <subfield code="a">Conferencia Episcopal Espa&#xF1;ola. </subfield>
    <subfield code="b">Comisi&#xF3;n Episcopal de Medios de Comunicaci&#xF3;n Social</subfield>
    <subfield code="9">158490</subfield>
  </datafield>
  <datafield tag="830" ind1="0" ind2="0">
    <subfield code="a">Colecci&#xF3;n teolog&#xED;a y pastoral</subfield>
    <subfield code="9">220527</subfield>
  </datafield>
  <datafield tag="852" ind1=" " ind2=" ">
    <subfield code="a">ES-MaACL</subfield>
    <subfield code="j">A-9607 </subfield>
    <subfield code="b">R.98718</subfield>
  </datafield>
  <datafield tag="999" ind1=" " ind2=" ">
    <subfield code="c">143032</subfield>
    <subfield code="d">143032</subfield>
  </datafield>
  <datafield tag="952" ind1=" " ind2=" ">
    <subfield code="0">0</subfield>
    <subfield code="1">0</subfield>
    <subfield code="4">0</subfield>
    <subfield code="7">0</subfield>
    <subfield code="a">ATENEOM</subfield>
    <subfield code="b">ATENEOM</subfield>
    <subfield code="c">DEPO1</subfield>
    <subfield code="d">2008-01-17</subfield>
    <subfield code="e">SC</subfield>
    <subfield code="l">0</subfield>
    <subfield code="o">A-9607</subfield>
    <subfield code="p">1148817</subfield>
    <subfield code="r">2023-02-23 00:00:00</subfield>
    <subfield code="w">2023-02-23</subfield>
    <subfield code="y">MONOGRAFIA</subfield>
  </datafield>
</record>
